Champions du Championnat d'Europe de football par ordre chronologique - Statistiques

Statistiques générales
  • Ce quiz a été pris 49 fois
    16 depuis la dernière actualisation
  • Le résultat moyen est 15 sur 17
Statistiques - réponses
Année Équipe % Correct
1996 Allemagne de l'Ouest
100%
2008 Espagne
100%
2024 Espagne
100%
1984 France
100%
2000 France
100%
2004 Grèce
100%
2020 Italie
100%
2012 Espagne
92%
2016 Portugal
92%
1972 Allemagne de l'Ouest
85%
1980 Allemagne de l'Ouest
85%
1968 Italie
85%
1992 Danemark
77%
1964 Espagne
77%
1988 Pays-Bas
77%
1960 Union soviétique
77%
1976 Tchécoslovaquie
54%
Aucun quiz correspondant
Distribution des résultats
% des personnes avec chaque résultat
Percentile par nombre de réponses
Votre historique - résultats
Vous n’avez pas pris ce quiz depuis la dernière actualisation